|
|
|
|
| LEADER |
00000nam0a2200000 4500 |
| 001 |
191189 |
| 005 |
20231101224332.0 |
| 010 |
|
|
|a 5982984477
|
| 035 |
|
|
|a (RuTPU)RU\TPU\book\208452
|
| 035 |
|
|
|a RU\TPU\book\181138
|
| 090 |
|
|
|a 191189
|
| 100 |
|
|
|a 20110203d2010 m y0rusy50 ca
|
| 101 |
0 |
|
|a rus
|
| 102 |
|
|
|a RU
|
| 105 |
|
|
|a a j 001zy
|
| 200 |
1 |
|
|a Концепции современного естествознания
|e учебник
|f В. А. Стародубцев
|g Национальный исследовательский Томский политехнический университет (ТПУ), Институт дистанционного образования (ИДО)
|
| 210 |
|
|
|a Томск
|c Изд-во ТПУ
|d 2010
|
| 215 |
|
|
|a 280 с.
|c ил.
|
| 320 |
|
|
|a Библиогр.: с. 275-276.
|
| 330 |
|
|
|a В учебнике описано становление современной парадигмы естествознания, её античные и классические предпосылки; представлены концепции пространства-времени и фундаментальных полей. Изложены современные концепции возникновения живого вещества и разума на Земле, эволюции Вселенной. Рассмотрены условия возникновения процессов самоорганизации и детерминированного хаоса, кодирование биологической информации в клетке.
|
| 606 |
1 |
|
|a Естествознание
|x Концептуальные основы
|2 stltpush
|3 (RuTPU)RU\TPU\subj\67376
|9 83201
|
| 610 |
1 |
|
|a концепции
|
| 610 |
1 |
|
|a атомизм
|
| 610 |
1 |
|
|a микромир
|
| 610 |
1 |
|
|a 20 век
|
| 610 |
1 |
|
|a структурные уровни
|
| 610 |
1 |
|
|a пространство-время
|
| 610 |
1 |
|
|a фундаментальные поля
|
| 610 |
1 |
|
|a мегамир
|
| 610 |
1 |
|
|a Вселенная
|
| 610 |
1 |
|
|a живое вещество
|
| 610 |
1 |
|
|a эволюция
|
| 610 |
1 |
|
|a биосфера
|
| 610 |
1 |
|
|a универсальный эволюционизм
|
| 610 |
1 |
|
|a синергетика
|
| 610 |
1 |
|
|a учебники
|
| 610 |
1 |
|
|a труды учёных ТПУ
|
| 675 |
|
|
|a 50(075.8)
|v 3
|
| 700 |
|
1 |
|a Стародубцев
|b В. А.
|c физик
|c профессор Томского политехнического университета, доктор педагогических наук
|f 1943-
|g Вячеслав Алексеевич
|2 stltpush
|3 (RuTPU)RU\TPU\pers\26939
|
| 712 |
0 |
2 |
|a Национальный исследовательский Томский политехнический университет (ТПУ)
|b Институт дистанционного образования (ИДО)
|2 stltpush
|3 (RuTPU)RU\TPU\col\16612
|
| 801 |
|
1 |
|a RU
|b 63413507
|c 20091009
|
| 801 |
|
2 |
|a RU
|b 63413507
|c 20201201
|g RCR
|
| 900 |
|
|
|a Концепции современного естествознания
|
| 942 |
|
|
|c BK
|
| 951 |
|
|
|a 550000
|